000 00178 a2200097 4500
020 _a9781596461796
041 _aspa
100 _aJudy Zocchi
245 _aEn suecia
942 _cBK
999 _c11790
_d11790